La Iglesia y la política /

Salvato in:
Dettagli Bibliografici
Altri autori: Santamaría, Carlos (autor) (autor)
Natura: Libro
Lingua:spagnolo
Pubblicazione: Santiago, Chile : Ediciones Paulinas, 1963, c1963
Soggetti:
Tags: Aggiungi Tag
Nessun Tag, puoi essere il primo ad aggiungerne!!

MARC

LEADER 00000nam^a2200000^a^4500
001 000288383
005 20250521000000.0
009 20260310111907.253
037 |a Acervo Xavier Clavigero 
041 |a ESP 
082 |a 261. 7  |b IGL 
245 0 3 |a La Iglesia y la política /  |c C. Santamaría... [et al.] ; introd. de Julián Rentería Uralde. 
264 4 |a Santiago, Chile :  |b Ediciones Paulinas,  |c 1963, c1963 
300 |a 172 p. 
336 |a texto  |b txt  |2 rdacontenido 
337 |a sin mediación  |b n  |2 rdamedio 
338 |a volumen  |b nc  |2 rdasoporte 
649 |a XX 
650 |a Mujeres -  |x Condiciones Políticas 
650 |a Cristianismo y Política -  |x Tema Principal 
650 |a Política y Religión 
650 |a Iglesia Católica 
650 |a Catolicismo 
650 |a Cristianismo 
650 |a Religión 
700 |a Santamaría, Carlos  |e (autor) 
910 |a Fondo General 
920 |a Impresos - Libros 
930 |a Colección General 
905 |a 101 
901 |a 0500175587  |b IT1  |c ACC  |u 20250521 
902 |a https://opac.biblio.iteso.mx/vufind/Record/000288383